00947cam a2200241 i 450000500170000000800410001702000400005804000290009804100080012704200080013504400080014308200160015110000210016724501220018826000340031030000330034450400530037765000480043065000300047894200150050899900150052395201670053820160116044648.0030929s2004 njua b 001 0 eng  a0470870931 (cloth : acidfree paper) aDLCcDLCdDLCdCO-BoIAVH aeng apcc axxu04a003.5bS17s1 aSaltelli, Andrea10aSensitivity analysis in practice :ba guide to assessing scientific models /cAndrea Saltelli y (otros tres autores). aHoboken, NJ :bWiley,cc2004. axi, 219 p. :bill. ;c24 cm. aIncluye referencias bibliográficas e índice.14aTeoría de la sensibilidad (Matemáticas)24aMétodos de simulación 2ddccLIBRO c5675d5675 00102ddc40708GENERALIINV2017aBogotabBogotad2007-07-11eInstitutog39000.00l0oLB-003.5 S17sp024726r2012-12-04 00:00:00tEj.1w2012-12-04xComprayLIBRO